Zborník referátov z konferencie a odborných seminárov konaných v rámci 6. ročníka Dní otvorených dverí 2004 Bratislava, 17.-21. mája 2004
Salvato in:
| Enti autori: | , , , , , |
|---|---|
| Altri autori: | , |
| Natura: | Libro |
| Lingua: | slovacco ceco |
| Pubblicazione: |
Bratislava
Vydavateľstvo EKONÓM
2004
|
| Soggetti: | |
| Tags: |
Nessun Tag, puoi essere il primo ad aggiungerne!!
|
MARC
| LEADER | 00000nam$a2200000$$$4500 | ||
|---|---|---|---|
| 001 | 0053228 | ||
| 005 | 20240502071620.7 | ||
| 020 | |a 80-225-1890-5 | ||
| 041 | 0 | |a slo | |
| 041 | 0 | |a cze | |
| 044 | |a SK | ||
| 245 | 1 | 0 | |a Zborník referátov z konferencie a odborných seminárov konaných v rámci 6. ročníka Dní otvorených dverí 2004 |b Bratislava, 17.-21. mája 2004 |c zostavovatelia zborníka: Ján Porvazník, Paula Jójárt |
| 264 | 1 | |a Bratislava |b Vydavateľstvo EKONÓM |c 2004 | |
| 300 | |a 172 s. | ||
| 610 | 2 | 0 | |a vzdelávanie vysokoškolské |
| 610 | 2 | 0 | |a vzdelávanie ďalšie |
| 610 | 2 | 0 | |a znalci |
| 610 | 2 | 0 | |a manažment |
| 610 | 2 | 0 | |a kontroling |
| 610 | 2 | 0 | |a Európska únia |
| 610 | 2 | 0 | |a správa štátna |
| 610 | 2 | 0 | |a správa verejná |
| 610 | 2 | 0 | |a Slovensko |
| 700 | 1 | |a Porvazník, Ján | |
| 700 | 1 | |a Jójárt, Paula | |
| 110 | 2 | |a Dni otvorených dverí 2004. Konferencia | |
| 710 | 2 | |a Aktuálne otázky práce a riadenia vysokých škôl v SR. Konferencia | |
| 710 | 2 | |a Znalectvo v ekonomických odboroch. Odborný seminár | |
| 710 | 2 | |a Slovensko po vstupe do Európskej únie - problémy a aktuálne úlohy. Odborný seminár | |
| 710 | 2 | |a Controlling v štátnej a verejnej správe - nové metódy riadenia. Odborný seminár | |
| 710 | 2 | |a Centrum ďalšieho vzdelávania Ekonomickej univerzity v Bratislave | |